| 000 | 00904nam0a22002771 4500 | ||
|---|---|---|---|
| 001 | rc\2725015 | ||
| 005 | 20250806210103.0 | ||
| 035 | _a(NLR Aleph) 006852530 | ||
| 090 |
_a57166 _c57166 |
||
| 100 | _a20110915d1943 u y0rusy50 ca | ||
| 101 | 0 | _arus | |
| 102 | _aRU | ||
| 105 | _aa z ||||| | ||
| 200 | 1 | _aХранение сырья на спиртовых заводах | |
| 210 |
_aМосква _cПищепромиздат _d1943 |
||
| 215 |
_a64 с. _cил. _d17 см. |
||
| 300 | _aМикрофильм | ||
| 700 | 1 |
_aУспенский _bЕ.М. _f1894- _gЕвгений Матвеевич |
|
| 701 | 1 |
_aГригорьевич _bА.Г. _gАлексей Григорьевич |
|
| 801 | 0 |
_aRU _bNLR _gpsbo |
|
| 801 | 1 |
_aRU _bELAR _2rusmarc |
|
| 852 |
_aNLR _jМф К1/415 |
||
| 942 | _cBOOK | ||
| 945 | _aРоссийская национальная библиотека | ||
| 980 | _aNB | ||
| 980 | _aBV | ||